000 00321nam a22001337a 4500
008 170524b xxu||||| |||| 00| 0 eng d
020 _a3341004513
041 _aGER
080 _a62
100 _a26
101 _aIM
245 _aMATERIALFLUB INDER FLEXIBLEN AUTIMATISIERTEN PRODUKTION
_cROCKSTROH,W
942 _2udc
_cBK
999 _c14062
_d14062